| 000 | 01125nam a22003257a 4500 | ||
|---|---|---|---|
| 003 | CHAP | ||
| 005 | 20220329141752.0 | ||
| 008 | 971013s r 00010 d | ||
| 010 | _a73535 | ||
| 011 | _a74507 | ||
| 035 | _a84066 | ||
| 040 | _cCHAP | ||
| 090 | _aR-2051 | ||
| 100 | 0 | 0 |
_aCarballo Carballo, Aquiles. _918795 |
| 245 | _aInstructivos para la toma de notas y cosecha de los ensayos de rendimiento de maíz | ||
| 500 | _aSobretiro de: Reunión de Maíz y Sorgo del INIA. 3, Puebla, Pue. 1977 | ||
| 590 |
_aBATCH-UPD _b10 _c20130110 _lUCH01 _h2051 |
||
| 590 |
_aBATCH-UPD _b10 _c20130410 _lUCH01 _h1405 |
||
| 590 |
_aBATCH-UPD _b10 _c20130914 _lUCH01 _h0910 |
||
| 590 |
_aCONVERSION _b10 _c20130109 _lUCH01 _h1340 |
||
| 650 | 1 | 4 |
_aMaíz _xRendimiento. _971051 |
| 650 | 1 | 4 |
_aToma de muestras. _9113663 |
| 901 | _aBK | ||
| 942 | _cFOLL | ||
| 949 |
_aR-2051 _bBC _cR _d-39171 _eTS1 _i84066 _si |
||
| 949 |
_aR-2051 _bBC _cR _d-39173 _eTS2 _fc.2 _i84066 _si |
||
| 949 |
_aR-2051 _bBC _cR _d-39174 _eTS2 _fc.3 _i84066 _si |
||
| 949 |
_aR-2051 _bBC _cR _d-39175 _eTS2 _fc.4 _i84066 _si |
||
| 949 |
_aR-2051 _bBC _cR _d-39176 _eTS2 _fc.5 _i84066 _si |
||
| 999 |
_c73535 _d73535 |
||